000 00521nam a22001697a 4500
003 BD-ChCU
005 20260415121139.0
008 260415b bg ||||| |||| 00| 0 ben d
040 _cBD-ChCU
082 _a370.10954 THE
100 _aThorpe , C. Lioyd .
_921510
245 _aEducation and the development of Muslim nationalism in pre -partition India ./
_cC . Lioyd ,Thorpe
260 _akarahci :
_bPak . Hist . Society .
_cC 1965
300 _a89p.
650 0 _aEducation - India .
_921511
942 _2ddc
_cBK
_n0
999 _c112216
_d112216